Ballon d'Or - classement 2018 - Statistiques

Statistiques générales
  • Ce quiz a été pris 133 fois
  • Le résultat moyen est 28 sur 30
Statistiques - réponses
Poste Club Nationalité Rang Réponse % Correct
Attaquant Atlético Madrid France 3 Antoine Griezmann
100%
Attaquant Juventus Portugal 2 Cristiano Ronaldo
100%
Milieu Manchester City Belgique 9 Kevin De Bruyne
100%
Attaquant Paris Saint-Germain France 4 Kylian Mbappé
100%
Attaquant FC Barcelone Argentine 5 Lionel Messi
100%
Milieu Real Madrid Croatie 1 Luka Modrić
100%
Attaquant Liverpool Egypte 6 Mohamed Salah
100%
Attaquant Tottenham Angleterre 10 Harry Kane
99%
Attaquant Real Madrid France 18 Karim Benzema
99%
Attaquant FC Barcelone Uruguay 13 Luis Suárez
99%
Milieu Manchester United France 15 Paul Pogba
99%
Défenseur Real Madrid France 7 Raphaël Varane
99%
Gardien Real Madrid Belgique 14 Thibaut Courtois
99%
Attaquant FC Barcelone Brésil 12 Neymar
98%
Milieu Chelsea France 11 N'Golo Kanté
98%
Attaquant Paris Saint-Germain Uruguay 22 Edinson Cavani
97%
Attaquant Real Madrid Pays de Galles 17 Gareth Bale
97%
Gardien Tottenham France 30 Hugo Lloris
96%
Milieu Chelsea Belgique 8 Eden Hazard
95%
Attaquant Liverpool Sénégal 23 Sadio Mané
95%
Gardien Liverpool Brésil 25 Alisson
93%
Défenseur Real Madrid Espagne 21 Sergio Ramos
93%
Défenseur Real Madrid Brésil 24 Marcelo
92%
Gardien Atlético Madrid Slovénie 27 Jan Oblak
91%
Milieu FC Barcelone Croatie 20 Ivan Rakitić
88%
Attaquant Juventus Croatie 26 Mario Mandžukić
88%
Attaquant Liverpool Brésil 19 Roberto Firmino
88%
Défenseur Atlético Madrid Uruguay 28 Diego Godín
78%
Attaquant Manchester City Argentine 16 Sergio Agüero
73%
Milieu Real Madrid Espagne 29 Isco
70%
Aucun quiz correspondant
Distribution des résultats
% des personnes avec chaque résultat
Percentile par nombre de réponses
Votre historique - résultats
Vous n’avez pas pris ce quiz